书目信息 |
| 题名: |
第二届国际造纸与环境学术会议论文集
|
|
| 作者: | 李俊旺 编辑 | |
| 分册: | B | |
| 出版信息: | 北京 中国轻工业出版社 2008.05 |
|
| 页数: | 631-1192页 | |
| 开本: | 20cm | |
| 丛书名: | ||
| 单 册: | ||
| 中图分类: | X793-53 | |
| 科图分类: | ||
| 主题词: | 轻工业--废物处理 , 轻工业--废物综合利用 | |
| 电子资源: | ||
| ISBN: | 978-7-5019-6400-0 | |
| 000 | 00733nam0 2200229 45 | |
| 001 | 0933320234 | |
| 005 | 20091030091810.37 | |
| 010 | @a978-7-5019-6400-0@dCNY250.00 | |
| 100 | @a20090515d2008 ekmy0 y0120 ea | |
| 102 | @aCN@b130000 | |
| 102 | @aCN@b110000 | |
| 105 | @ay z 000yy | |
| 200 | 1 | @a第二届国际造纸与环境学术会议论文集@Adi er jie guo ji zao zhi yu huan jing xue shu hui yi lun wen ji@hB@f李俊旺等编辑@Fli jun wang deng bian ji |
| 210 | @a北京@c中国轻工业出版社@d2008.05 | |
| 215 | @a631-1192页@d20cm | |
| 606 | 0 | @a轻工业@x废物处理 |
| 606 | 0 | @a轻工业@x废物综合利用 |
| 690 | @aX793-53@v4 | |
| 701 | 0 | @a李俊旺@Ali jun wang@4编辑 |
| 801 | 0 | @aCN@c20091030 |
| 905 | @a10447@dX793-53@eW2501 | |
| 906 | @d500@n1@r1 | |
| 第二届国际造纸与环境学术会议论文集.B/李俊旺等编辑.-北京:中国轻工业出版社,2008.05 |
| 631-1192页;20cm |
| ISBN 978-7-5019-6400-0:CNY250.00 |
| ● |
| 相关链接 |
|
|
|
正题名:第二届国际造纸与环境学术会议论文集
索取号:X793-53/W2501
 
预约/预借
| 序号 | 登录号 | 条形码 | 馆藏地/架位号 | 状态 | 备注 |
| 1 | 894072 | 208940725 | 自科库501/501自科库 111排2列1层/ [索取号:X793-53/W2501] | 在馆 | |
| 2 | 894073 | 208940734 | 自科库501/501自科库 111排2列1层/ [索取号:X793-53/W2501] | 在馆 |